Joker out songs in italian - Statistics

General Stats
  • This quiz has been taken 34 times
  • The average score is 17 of 23
Answer Stats
Hint Answer % Correct
Demoni Demoni
93%
Dopamina Dopamin
93%
Plastica Plastika
93%
Caterina Katrina
89%
Tokio Tokio
89%
I colori dell'oceano Barve oceana
82%
L'area soleggiata di Londra Sunny side of London
82%
Cogli l'attimo Carpe diem
79%
Sogni bianchi Bele sanje
75%
Nuda Gola
75%
Non ne parliamo più Ne govoriva vec o tem
75%
Nuova onda Novi val
71%
Lei Ona
71%
Contro corrente Proti toku
71%
Tutto ciò che so Vse kar vem
71%
Ti ho mai detto che A sem ti povedal
68%
Pensieri sporchi Umazane misli
68%
Farfalle Metulji
64%
Non avrei dovuto Ne bi smel
64%
Cado Padam
64%
So che te ne vai Vem da gres
61%
Come un cuore che pompa sangue Kot srce ki kri poganja
57%
Corpo intossicato Omamljeno telo
57%
No matching quizzes found
Score Distribution
Percent of People with Each Score
Percentile by Number Answered
Your Score History
You have not taken this quiz